Library Logo

Pioneer International University Library Catalogue

Experiments in primary education; (Record no. 3235)

MARC details
000 -LEADER
fixed length control field 00554cam a2200169 4500
005 - DATE AND TIME OF LATEST TRANSACTION
control field 20250901165407.0
008 - FIXED-LENGTH DATA ELEMENTS--GENERAL INFORMATION
fixed length control field 701223s1970 nyua b 001 0 eng
010 ## - LIBRARY OF CONGRESS CONTROL NUMBER
LC control number 74136969
020 ## - INTERNATIONAL STANDARD BOOK NUMBER
International Standard Book Number 0155260103
050 00 - LIBRARY OF CONGRESS CALL NUMBER
Classification number LC4091 .M33 1970
Item number .M23
082 00 - DEWEY DECIMAL CLASSIFICATION NUMBER
Classification number 371.9/6
100 1# - MAIN ENTRY--PERSONAL NAME
Personal name Maccoby, Eleanor E.,
Dates associated with a name 1917-
245 10 - TITLE STATEMENT
Title Experiments in primary education;
Remainder of title aspects of project follow-through
Statement of responsibility, etc. [by] Eleanor E. Maccoby [and] Miriam Zellner.
260 ## - PUBLICATION, DISTRIBUTION, ETC.
Place of publication, distribution, etc. New York,
Name of publisher, distributor, etc. Harcourt Brace Jovanovich
Date of publication, distribution, etc. [1970]
300 ## - PHYSICAL DESCRIPTION
Extent xi, 132 p.
Other physical details illus.
Dimensions 21 cm.
942 ## - ADDED ENTRY ELEMENTS (KOHA)
Source of classification or shelving scheme Dewey Decimal Classification
Holdings
Withdrawn status Lost status Source of classification or shelving scheme Damaged status Not for loan Home library Current library Shelving location Date acquired Total checkouts Full call number Barcode Date last seen Price effective from Koha item type
    Library of Congress Classification     Main Library Main Library   03/22/2021   LC4091 .M33 1970 PIU0004363 03/22/2021 03/22/2021 Books